Implantable electronic medical devices (Record no. 31776)

MARC details
000 -LEADER
fixed length control field 00749nam a2200181 a 4500
008 - FIXED-LENGTH DATA ELEMENTS--GENERAL INFORMATION
fixed length control field 170426s2015 ||||||||||||||||| || u
020 ## - INTERNATIONAL STANDARD BOOK NUMBER
International Standard Book Number 9780124165564
050 ## - LIBRARY OF CONGRESS CALL NUMBER
Classification number R 856 Fit
100 ## - MAIN ENTRY--PERSONAL NAME
Personal name Fitzpatrick, Dennis
245 10 - TITLE STATEMENT
Title Implantable electronic medical devices
Statement of responsibility, etc. By Dr Dennis Fitzpatrick
260 ## - PUBLICATION, DISTRIBUTION, ETC.
Place of publication, distribution, etc. Amsterdam:
Name of publisher, distributor, etc. Elsevier
Date of publication, distribution, etc. 2015
300 ## - PHYSICAL DESCRIPTION
Extent ix, 183p.: ill.
350 ## -
-- 128.00
650 ## - SUBJECT ADDED ENTRY--TOPICAL TERM
Topical term or geographic name entry element MEDICAL INSTRUCTMENTS AND APPARATUS--DESIGN AND CONSTRUCTION
650 ## - SUBJECT ADDED ENTRY--TOPICAL TERM
Topical term or geographic name entry element ADHESIVES
650 ## - SUBJECT ADDED ENTRY--TOPICAL TERM
Topical term or geographic name entry element BIOMEDICAL AND DENTAL MATERIALS
995 ## -
-- MICHAEL CHILUFYA SATA OPEN ACCESS
-- 903867
-- CBU-SCHOOL OF MEDICINE LIBRARY (Ndola)
-- 128.00
-- R 856 Fit
-- 1
-- AVAILABLE
-- Apr 26, 2017
-- Book Aid International
-- 903867
-- Medical Library Open Access Collection
999 ## -
-- 31776
-- 31776
Holdings
Withdrawn status Lost status Source of classification or shelving scheme Damaged status Not for loan Permanent Location Current Location Shelving location Date acquired Total Checkouts Full call number Barcode Date last seen Price effective from Koha item type
          CBU-SCHOOL OF MEDICINE LIBRARY, NDOLA. CBU-SCHOOL OF MEDICINE LIBRARY, NDOLA.   11/30/2022   R 856 Fit 903867 11/30/2022 11/30/2022 MONOGRAPH